000
00301nam a2200133Ia 4500
008
180921t xxu||||| |||| 00| 0 eng d
041
_a
eng
080
_a
651(07)
_b
GOV
245
_a
Office management
300
_a
24p., 21 cm
942
_c
BK
999
_c
19117
_d
19117
003
LK-CoDNM
040
_a
LK-CoDNM
_d
LK-CoDNM
_e
LK-CoDNM